[Event "GBR-ch 111th"]
[Site "Liverpool"]
[Date "2025.08.02"]
[Round "1.40"]
[White "Patel, Zain"]
[Black "Davies, Nigel R"]
[Result "0-1"]
[WhiteElo "2048"]
[BlackElo "2291"]
[PlyCount "88"]
[EventDate "2025.08.02"]
[EventType "swiss"]
[EventRounds "9"]
[EventCountry "GBR"]
[SourceTitle "BritBase"]
[Source "John Saunders"]
[SourceDate "2025.08.11"]
[SourceVersion "1"]
[SourceVersionDate "2025.08.11"]
[SourceQuality "1"]

1. Nf3 d6 2. d4 Nf6 3. c4 g6 4. Nc3 Bf5 5. Qb3 b6 6. h3 Bg7 7. g4 Bc8 8. Bg2 O-O 9. O-O Nc6 10. Qd1 Rb8 11. b3 h5 12. g5 Nd7 13. Bb2 e6 14. Qd2 Ne7 15. Rad1 a6 16. e4 b5 17. cxb5 axb5 18. Rc1 b4 19. Nd1 Bb7 20. Re1 Ba8 21. Qc2 Rc8 22. Qd2 d5 23. e5 c5 24. dxc5 Nxc5 25. Bd4 Qa5 26. Bxc5 Rxc5 27. Rxc5 Qxc5 28. Nb2 Nc6 29. Nd3 Qb6 30. Rc1 Rb8 31. Nc5 Qa7 32. Qe2 Bf8 33. Qc2 Kg7 34. Nd3 Rc8 35. Nf4 Bb7 36. Nh4 Nxe5 37. Qb2 Rxc1+ 38. Qxc1 Qd4 39. Nf3 Nxf3+ 40. Bxf3 Bc5 41. Nd3 Qxd3 42. Qxc5 Qxf3 43. Qxb4 d4 44. Qxd4+ e5 0-1

[Event "GBR-ch 111th"]
[Site "Liverpool"]
[Date "2025.08.02"]
[Round "1.41"]
[White "Mirzoeva, Elmira"]
[Black "Verbytski, Oleg"]
[Result "1/2-1/2"]
[WhiteElo "2282"]
[BlackElo "2001"]
[PlyCount "99"]
[EventDate "2025.08.02"]
[EventType "swiss"]
[EventRounds "9"]
[EventCountry "GBR"]
[SourceTitle "BritBase"]
[Source "John Saunders"]
[SourceDate "2025.08.11"]
[SourceVersion "1"]
[SourceVersionDate "2025.08.11"]
[SourceQuality "1"]

1. Nf3 Nf6 2. g3 d5 3. Bg2 e6 4. O-O Be7 5. d3 O-O 6. Nbd2 c5 7. e4 Nc6 8. Re1 b5 9. exd5 exd5 10. a4 b4 11. d4 Bf5 12. Nb3 c4 13. Nc5 Rc8 14. Be3 Bg6 15. Bh3 Ra8 16. Ne5 Bxc5 17. Nxg6 hxg6 18. dxc5 Qa5 19. Bd4 Rfd8 20. f3 Nd7 21. Bxd7 Rxd7 22. c3 Rb8 23. Qc1 Rdd8 24. Re3 bxc3 25. bxc3 Rb3 26. Qe1 Kh7 27. g4 g5 28. Qd2 Nxd4 29. Qxd4 f6 30. Rae1 Rc8 31. Qxd5 Qxc5 32. Qxc5 Rxc5 33. Re7 Rxc3 34. Rxa7 Rc8 35. Ree7 Rg8 36. Kg2 Rc2+ 37. Kg3 c3 38. Rec7 Rc1 39. a5 c2 40. Kg2 Kh8 41. Kh3 Kh7 42. a6 Kh8 43. Rab7 Ra1 44. Rxc2 Rxa6 45. Rcc7 Ra3 46. Kg3 Rd3 47. Rd7 Rxd7 48. Rxd7 Ra8 49. h4 gxh4+ 50. Kxh4 1/2-1/2

[Event "GBR-ch 111th"]
[Site "Liverpool"]
[Date "2025.08.02"]
[Round "1.42"]
[White "Deepak Ambattu, Rithvik"]
[Black "Boswell, Jacob Connor"]
[Result "1/2-1/2"]
[WhiteElo "1990"]
[BlackElo "2278"]
[PlyCount "52"]
[EventDate "2025.08.02"]
[EventType "swiss"]
[EventRounds "9"]
[EventCountry "GBR"]
[SourceTitle "BritBase"]
[Source "John Saunders"]
[SourceDate "2025.08.11"]
[SourceVersion "1"]
[SourceVersionDate "2025.08.11"]
[SourceQuality "1"]

1. e4 c6 2. Nc3 d5 3. Nf3 Bg4 4. h3 Bxf3 5. Qxf3 e6 6. Be2 d4 7. Nb1 Bd6 8. d3 Nd7 9. g3 Ne7 10. Nd2 Bc7 11. Nb3 c5 12. a4 O-O 13. O-O Nc6 14. Bd2 Qe7 15. Qg2 e5 16. f4 exf4 17. gxf4 f5 18. e5 Kh8 19. Bf3 g5 20. fxg5 Ndxe5 21. Rae1 Nxf3+ 22. Qxf3 Qd6 23. Bf4 Qxf4 24. Qxf4 Bxf4 25. Rxf4 b6 26. c3 dxc3 1/2-1/2

[Event "GBR-ch 111th"]
[Site "Liverpool"]
[Date "2025.08.02"]
[Round "1.43"]
[White "Shearsby, Jude"]
[Black "Jukes, Sam"]
[Result "1-0"]
[WhiteElo "2270"]
[BlackElo "1972"]
[PlyCount "81"]
[EventDate "2025.08.02"]
[EventType "swiss"]
[EventRounds "9"]
[EventCountry "GBR"]
[SourceTitle "BritBase"]
[Source "John Saunders"]
[SourceDate "2025.08.11"]
[SourceVersion "1"]
[SourceVersionDate "2025.08.11"]
[SourceQuality "1"]

1. Nf3 Nf6 2. c4 e6 3. g3 b6 4. Bg2 Bb7 5. O-O Be7 6. Nc3 O-O 7. d4 Ne4 8. Bd2 Nxd2 9. Qxd2 d6 10. e4 Nd7 11. Rfe1 e5 12. Rad1 exd4 13. Nxd4 Ne5 14. Qe2 Re8 15. f4 Nd7 16. e5 Bxg2 17. Kxg2 Bf8 18. Qg4 Qc8 19. exd6 Rxe1 20. Rxe1 cxd6 21. Qf3 a6 22. Qc6 Qxc6+ 23. Nxc6 g6 24. a4 Kg7 25. Nb4 Nc5 26. Nbd5 Rb8 27. g4 f5 28. gxf5 gxf5 29. Kf3 Kf7 30. Ne3 Re8 31. Rd1 Ne4 32. Ncd5 Rb8 33. Nxf5 Nc5 34. Nc3 Ke6 35. Nd4+ Kf7 36. b4 Ne6 37. Nf5 Rc8 38. Ne4 Rc7 39. Nfxd6+ Bxd6 40. Rxd6 Rxc4 41. Rxb6 1-0

[Event "GBR-ch 111th"]
[Site "Liverpool"]
[Date "2025.08.02"]
[Round "1.44"]
[White "Strade, Arita"]
[Black "Webb, Laurence E"]
[Result "0-1"]
[WhiteElo "1971"]
[BlackElo "2268"]
[PlyCount "52"]
[EventDate "2025.08.02"]
[EventType "swiss"]
[EventRounds "9"]
[EventCountry "GBR"]
[SourceTitle "BritBase"]
[Source "John Saunders"]
[SourceDate "2025.08.11"]
[SourceVersion "1"]
[SourceVersionDate "2025.08.11"]
[SourceQuality "1"]

1. e4 e6 2. d4 d5 3. Nd2 c5 4. c3 cxd4 5. cxd4 dxe4 6. Nxe4 Bb4+ 7. Nc3 Nf6 8. Nf3 O-O 9. Bd3 b6 10. Qe2 Bb7 11. O-O Nbd7 12. a3 Bxc3 13. bxc3 Rc8 14. Bd2 Re8 15. Ne5 Nxe5 16. dxe5 Qd5 17. f3 Red8 18. exf6 Qxd3 19. Qxd3 Rxd3 20. Bf4 gxf6 21. Bh6 f5 22. Rfd1 Rcxc3 23. Kf2 Rxd1 24. Rxd1 Bd5 25. a4 f6 26. Ra1 Kf7 0-1

[Event "GBR-ch 111th"]
[Site "Liverpool"]
[Date "2025.08.02"]
[Round "1.45"]
[White "Pert, Max P"]
[Black "Turner, Lewis A"]
[Result "1-0"]
[WhiteElo "2263"]
[BlackElo "1965"]
[PlyCount "81"]
[EventDate "2025.08.02"]
[EventType "swiss"]
[EventRounds "9"]
[EventCountry "GBR"]
[SourceTitle "BritBase"]
[Source "John Saunders"]
[SourceDate "2025.08.11"]
[SourceVersion "1"]
[SourceVersionDate "2025.08.11"]
[SourceQuality "1"]

1. d4 Nf6 2. Bg5 c5 3. Bxf6 exf6 4. Nc3 Qb6 5. e3 cxd4 6. Qxd4 Bc5 7. Qe4+ Qe6 8. Bc4 Qxe4 9. Nxe4 d6 10. O-O-O Ke7 11. Ne2 Be6 12. Bd5 Nc6 13. a3 a5 14. N2c3 Rhd8 15. Bxe6 fxe6 16. Nxc5 dxc5 17. Na4 Ne5 18. Nxc5 b6 19. Nd3 Nxd3+ 20. Rxd3 Rxd3 21. cxd3 Rd8 22. Kd2 Rd5 23. Rc1 Kd7 24. Rc4 h6 25. Kc3 Rf5 26. f3 h5 27. a4 b5 28. axb5 Rxb5 29. d4 Kd6 30. e4 g5 31. Rc8 h4 32. b3 Rb7 33. Ra8 Rb5 34. Ra7 e5 35. Ra6+ Ke7 36. d5 Rc5+ 37. Kb2 Rb5 38. Ka3 Rc5 39. Rc6 Rb5 40. Rc4 Rb8 41. Ka4 1-0

[Event "GBR-ch 111th"]
[Site "Liverpool"]
[Date "2025.08.02"]
[Round "1.46"]
[White "Carpenter, Paul A"]
[Black "Rudd, Jack"]
[Result "0-1"]
[WhiteElo "1922"]
[BlackElo "2259"]
[PlyCount "88"]
[EventDate "2025.08.02"]
[EventType "swiss"]
[EventRounds "9"]
[EventCountry "GBR"]
[SourceTitle "BritBase"]
[Source "John Saunders"]
[SourceDate "2025.08.11"]
[SourceVersion "1"]
[SourceVersionDate "2025.08.11"]
[SourceQuality "1"]

1. b3 e5 2. Bb2 Nc6 3. e3 d5 4. d3 f5 5. g3 Nf6 6. Bg2 Bd6 7. Nd2 f4 8. exf4 exf4 9. Qe2+ Kf7 10. O-O-O Re8 11. Bxd5+ Kf8 12. Be4 Be5 13. c3 Nd5 14. d4 Bf6 15. Qh5 Be6 16. Bxh7 Qd7 17. h3 b5 18. Bg6 b4 19. c4 Nc3 20. Ne4 Nxd1 21. Bxe8 Rxe8 22. Nc5 Qd6 23. Nxe6+ Rxe6 24. Qxd1 Nxd4 25. Bxd4 Qxd4 26. Qxd4 Bxd4 27. Nf3 Bxf2 28. gxf4 Re2 29. Kb1 Ke7 30. Rd1 Kf6 31. Rd5 Bg3 32. f5 Rf2 33. Nd4 Be5 34. Nc6 Bc3 35. Rb5 a6 36. Rb7 Kxf5 37. Nxb4 Ke4 38. Nxa6 Be5 39. Nb4 c5 40. Nc2 Rf1+ 41. Ne1 Rxe1+ 42. Kc2 Re2+ 43. Kd1 Rxa2 44. b4 Kd3 0-1

[Event "GBR-ch 111th"]
[Site "Liverpool"]
[Date "2025.08.02"]
[Round "1.47"]
[White "Dishman, Stephen"]
[Black "Gunarathne, Senith"]
[Result "1-0"]
[WhiteElo "2254"]
[BlackElo "1918"]
[PlyCount "117"]
[EventDate "2025.08.02"]
[EventType "swiss"]
[EventRounds "9"]
[EventCountry "GBR"]
[SourceTitle "BritBase"]
[Source "John Saunders"]
[SourceDate "2025.08.11"]
[SourceVersion "1"]
[SourceVersionDate "2025.08.11"]
[SourceQuality "1"]

1. Nf3 d5 2. d4 Nf6 3. c4 e6 4. g3 c6 5. Bg2 Bd6 6. O-O O-O 7. Qc2 Nbd7 8. Nbd2 e5 9. cxd5 cxd5 10. dxe5 Nxe5 11. Nxe5 Bxe5 12. Nf3 Bd6 13. b3 b6 14. Bb2 Bb7 15. Nd4 Rc8 16. Qd2 Qd7 17. Qg5 h6 18. Qh4 Ne4 19. Rfd1 Qd8 20. Qxd8 Rfxd8 21. Bh3 Ra8 22. Rac1 Bc5 23. e3 a5 24. a3 h5 25. Bf1 Rac8 26. f3 Ng5 27. Kf2 Re8 28. h4 Ne6 29. Bh3 Rcd8 30. Nxe6 fxe6 31. Be5 Re7 32. a4 Kf7 33. g4 Bd6 34. Bd4 Bc7 35. Rd2 Rh8 36. Rdc2 Bd8 37. g5 e5 38. Bb2 Rhe8 39. Ba3 Re6 40. Bxe6+ Kxe6 41. Rc7 Bxc7 42. Rxc7 Ba8 43. Rxg7 d4 44. e4 Bc6 45. Rc7 Bd7 46. Rb7 Rc8 47. Rxb6+ Kf7 48. g6+ Kg8 49. Bd6 Rc2+ 50. Ke1 Rg2 51. Bxe5 Be8 52. Rb8 Kf8 53. Bd6+ Kg7 54. Rxe8 d3 55. Be5+ Kh6 56. Rh8+ Kxg6 57. Rg8+ Kh6 58. Rxg2 Kh7 59. Kd2 1-0

[Event "GBR-ch 111th"]
[Site "Liverpool"]
[Date "2025.08.02"]
[Round "1.48"]
[White "Nevska, Gerda"]
[Black "Dickenson, Neil F"]
[Result "0-1"]
[WhiteElo "1799"]
[BlackElo "2247"]
[PlyCount "36"]
[EventDate "2025.08.02"]
[EventType "swiss"]
[EventRounds "9"]
[EventCountry "GBR"]
[SourceTitle "BritBase"]
[Source "John Saunders"]
[SourceDate "2025.08.11"]
[SourceVersion "1"]
[SourceVersionDate "2025.08.11"]
[SourceQuality "1"]

1. c4 e5 2. Nc3 Nf6 3. g3 Bb4 4. Bg2 O-O 5. Nd5 Nxd5 6. cxd5 Re8 7. a3 Bc5 8. d4 Bxd4 9. Nf3 Bc5 10. b4 Be7 11. Nxe5 Bf6 12. Nxf7 Kxf7 13. d6 Bxa1 14. Qd5+ Re6 15. Qh5+ Kg8 16. Bg5 Bc3+ 17. Kf1 Qe8 18. Qh4 Rxd6 0-1

[Event "GBR-ch 111th"]
[Site "Liverpool"]
[Date "2025.08.02"]
[Round "1.49"]
[White "Richardson, John R"]
[Black "Korsinskij, Marek"]
[Result "1-0"]
[WhiteElo "2246"]
[BlackElo "1727"]
[PlyCount "63"]
[EventDate "2025.08.02"]
[EventType "swiss"]
[EventRounds "9"]
[EventCountry "GBR"]
[SourceTitle "BritBase"]
[Source "John Saunders"]
[SourceDate "2025.08.11"]
[SourceVersion "1"]
[SourceVersionDate "2025.08.11"]
[SourceQuality "1"]

1. e4 e5 2. Nf3 d6 3. d4 exd4 4. Nxd4 Nf6 5. Nc3 Be7 6. f3 O-O 7. Be3 d5 8. exd5 Nxd5 9. Nxd5 Qxd5 10. Bd3 Bf6 11. Be4 Qa5+ 12. c3 Rd8 13. O-O Bxd4 14. cxd4 Nd7 15. d5 Nb6 16. Qb1 f5 17. Bxf5 Bxf5 18. Qxf5 Qxd5 19. Qf4 Nc4 20. Bf2 c6 21. b3 Ne5 22. Bg3 Ng6 23. Qc1 Rd7 24. Rd1 Qxd1+ 25. Qxd1 Rxd1+ 26. Rxd1 b6 27. Rd7 c5 28. h4 Nf8 29. Rb7 Ne6 30. Be5 Kf8 31. f4 Re8 32. Rxa7 1-0

[Event "GBR-ch 111th"]
[Site "Liverpool"]
[Date "2025.08.03"]
[Round "2.1"]
[White "Hobson, Kenneth"]
[Black "Vitiugov, Nikita"]
[Result "0-1"]
[WhiteElo "2361"]
[BlackElo "2676"]
[PlyCount "92"]
[EventDate "2025.08.02"]
[EventType "swiss"]
[EventRounds "9"]
[EventCountry "GBR"]
[SourceTitle "BritBase"]
[Source "John Saunders"]
[SourceDate "2025.08.11"]
[SourceVersion "1"]
[SourceVersionDate "2025.08.11"]
[SourceQuality "1"]

1. e4 c5 2. Nf3 Nc6 3. d4 cxd4 4. Nxd4 Qb6 5. Nb3 e6 6. Nc3 Qc7 7. Bd3 a6 8. Qe2 b5 9. Bd2 Bb7 10. f4 Nb4 11. a4 Nxd3+ 12. cxd3 b4 13. Nd1 Nf6 14. Rc1 Qd8 15. a5 Be7 16. O-O O-O 17. Ne3 Rb8 18. Be1 Bc6 19. Nc4 Bb5 20. Nb6 d5 21. e5 Nd7 22. Nxd7 Qxd7 23. Bf2 Rfc8 24. Qd2 Ba4 25. Nc5 Qb5 26. Nxa4 Qxa4 27. Bb6 b3 28. f5 exf5 29. Rxf5 Rc2 30. Rxc2 bxc2 31. Rf1 Rc8 32. Be3 d4 33. Bf4 Qb3 34. Qf2 Qxd3 35. Bc1 Qg6 36. Qf3 d3 37. h4 h5 38. Qb7 Qe6 39. Qf3 Rd8 40. Bd2 Rd4 41. g3 Qd5 42. Qxh5 Re4 43. Qf3 Bc5+ 44. Kh1 Rxe5 45. Qxd5 Rxd5 46. Kg2 Bb4 0-1

[Event "GBR-ch 111th"]
[Site "Liverpool"]
[Date "2025.08.03"]
[Round "2.2"]
[White "Adams, Michael"]
[Black "Flear, Glenn C"]
[Result "1/2-1/2"]
[WhiteElo "2663"]
[BlackElo "2358"]
[PlyCount "79"]
[EventDate "2025.08.02"]
[EventType "swiss"]
[EventRounds "9"]
[EventCountry "GBR"]
[SourceTitle "BritBase"]
[Source "John Saunders"]
[SourceDate "2025.08.11"]
[SourceVersion "1"]
[SourceVersionDate "2025.08.11"]
[SourceQuality "1"]

1. e4 e5 2. Nf3 Nc6 3. Bb5 a6 4. Ba4 Nf6 5. O-O Be7 6. Re1 b5 7. Bb3 d6 8. c3 Na5 9. Bc2 c5 10. d4 cxd4 11. cxd4 Bg4 12. dxe5 Bxf3 13. Qxf3 dxe5 14. Nc3 O-O 15. Qg3 Re8 16. Bh6 Bf8 17. Bg5 Qb6 18. Rac1 Rac8 19. h4 Qe6 20. Red1 h6 21. Bxf6 Qxf6 22. Nd5 Qe6 23. Kh2 Rc6 24. Bd3 Rec8 25. Rxc6 Nxc6 26. Be2 Rd8 27. Bg4 Qg6 28. Kh3 Kh8 29. Qc3 h5 30. Bf5 Qd6 31. Kh2 g6 32. Bh3 Bh6 33. g3 Nd4 34. Bg2 Qe6 35. Qd3 Rd6 36. f4 Bg7 37. Rd2 Rc6 38. f5 gxf5 39. exf5 Qxf5 40. Qxf5 1/2-1/2

[Event "GBR-ch 111th"]
[Site "Liverpool"]
[Date "2025.08.03"]
[Round "2.3"]
[White "Eggleston, David J"]
[Black "Maroroa Jones, Gawain"]
[Result "1-0"]
[WhiteElo "2348"]
[BlackElo "2651"]
[PlyCount "129"]
[EventDate "2025.08.02"]
[EventType "swiss"]
[EventRounds "9"]
[EventCountry "GBR"]
[SourceTitle "BritBase"]
[Source "John Saunders"]
[SourceDate "2025.08.11"]
[SourceVersion "1"]
[SourceVersionDate "2025.08.11"]
[SourceQuality "1"]

1. e4 c5 2. Nf3 Nc6 3. Bb5 e5 4. O-O Bd6 5. c3 a6 6. Ba4 b5 7. Bc2 Nge7 8. d4 cxd4 9. cxd4 Nxd4 10. Nxd4 exd4 11. Nd2 Nc6 12. Nf3 Bb7 13. Re1 Bc5 14. a3 a5 15. Bg5 Qb6 16. Bh4 Nd8 17. Bg3 Ne6 18. Ne5 Bd6 19. Bb3 Bxe5 20. Bxe5 d6 21. Bg3 O-O 22. Kh1 Rad8 23. f4 Rfe8 24. Qh5 d5 25. Bxd5 Bxd5 26. exd5 Nc5 27. Qf3 a4 28. f5 h6 29. Rad1 Nd7 30. d6 Re3 31. Qd5 Rde8 32. Rf1 R3e4 33. f6 Qc5 34. Qb7 Qc8 35. Qxb5 Re2 36. fxg7 Nc5 37. Qc4 Qb7 38. Rf3 Ne4 39. Qxd4 Qd7 40. h3 Ng5 41. Rf6 Ne4 42. Rxh6 Nxg3+ 43. Kh2 R8e5 44. Qg4 Qxg4 45. hxg4 Nf1+ 46. Kg1 Nd2 47. d7 Rd5 48. Rh8+ Kxg7 49. d8=Q Rxd8 50. Rxd8 Nb3 51. Ra8 Re4 52. Ra7 Nd4 53. Rf1 Ne2+ 54. Kh2 Rxg4 55. Rfxf7+ Kg8 56. Rf3 Re4 57. Rb7 Re6 58. Rb4 Rh6+ 59. Rh3 Ra6 60. Re4 Nc1 61. Rhh4 Nd3 62. Rxa4 Rf6 63. Rag4+ Kf7 64. Rd4 Nxb2 65. Rhf4 1-0

[Event "GBR-ch 111th"]
[Site "Liverpool"]
[Date "2025.08.03"]
[Round "2.4"]
[White "Conquest, Stuart C"]
[Black "Hebden, Mark L"]
[Result "1/2-1/2"]
[WhiteElo "2511"]
[BlackElo "2347"]
[PlyCount "105"]
[EventDate "2025.08.02"]
[EventType "swiss"]
[EventRounds "9"]
[EventCountry "GBR"]
[SourceTitle "BritBase"]
[Source "John Saunders"]
[SourceDate "2025.08.11"]
[SourceVersion "1"]
[SourceVersionDate "2025.08.11"]
[SourceQuality "1"]

1. d4 Nf6 2. c4 g6 3. f3 Bg7 4. e4 d6 5. Ne2 O-O 6. Be3 a6 7. Nd2 e5 8. d5 c5 9. Qc2 Ne8 10. h4 f5 11. h5 b5 12. hxg6 hxg6 13. Nc3 b4 14. Na4 f4 15. Bf2 Nd7 16. Bd3 Nef6 17. a3 Rb8 18. Nb3 Qc7 19. Ra2 Rf7 20. axb4 Rxb4 21. Nc3 Bf8 22. Na5 Nb8 23. Kd2 Rh7 24. Qd1 Bd7 25. Kc1 Be8 26. Qg1 Nh5 27. Be1 Ng3 28. Rxh7 Kxh7 29. b3 Bh6 30. Kd1 Qd8 31. Qf2 Rb6 32. Na4 Bxa4 33. bxa4 Qe8 34. Kc1 Nd7 35. Rb2 Qd8 36. Nc6 Qh4 37. Rxb6 Nxb6 38. a5 Nd7 39. Qg1 Bg5 40. Kd1 Kh6 41. Na7 Bd8 42. Kc2 Nb8 43. Nc8 Bc7 44. Bc3 Qd8 45. Qh2+ Kg7 46. Qh3 Bxa5 47. Qe6 Bxc3 48. Kxc3 Qa5+ 49. Kb3 Qb4+ 50. Kc2 Qa4+ 51. Kb2 Qb4+ 52. Kc2 Qa4+ 53. Kb2 1/2-1/2

[Event "GBR-ch 111th"]
[Site "Liverpool"]
[Date "2025.08.03"]
[Round "2.5"]
[White "Derakhshani, Borna"]
[Black "Ghasi, Ameet K"]
[Result "0-1"]
[WhiteElo "2348"]
[BlackElo "2501"]
[PlyCount "78"]
[EventDate "2025.08.02"]
[EventType "swiss"]
[EventRounds "9"]
[EventCountry "GBR"]
[SourceTitle "BritBase"]
[Source "John Saunders"]
[SourceDate "2025.08.11"]
[SourceVersion "1"]
[SourceVersionDate "2025.08.11"]
[SourceQuality "1"]

1. e4 e6 2. d4 d5 3. e5 c5 4. c3 Nc6 5. Nf3 Bd7 6. Be2 Nge7 7. Na3 cxd4 8. cxd4 Nf5 9. Nc2 Be7 10. O-O O-O 11. Kh1 Rc8 12. g4 Nh4 13. Nxh4 Bxh4 14. f4 Be7 15. Qd3 f6 16. Qh3 fxe5 17. dxe5 g6 18. Bd3 Qb6 19. b3 d4 20. Ba3 Rf7 21. Rae1 Qa5 22. Bc1 Nb4 23. Bd2 Rxc2 24. Bxc2 Qxa2 25. Bxb4 Bxb4 26. Bb1 Bc6+ 27. Kg1 Qb2 28. Rf2 Qc3 29. Qxc3 dxc3 30. Rc1 Bc5 31. Rxc3 Bd4 32. Rc4 Rxf4 33. Rxd4 Rxd4 34. h3 Bd5 35. Bc2 Rb4 36. g5 a5 37. Bd1 Bxb3 38. Bg4 a4 39. Rb2 Kf7 0-1

[Event "GBR-ch 111th"]
[Site "Liverpool"]
[Date "2025.08.03"]
[Round "2.6"]
[White "Fernandez, Daniel H"]
[Black "Ledger, Andrew J"]
[Result "1-0"]
[WhiteElo "2500"]
[BlackElo "2323"]
[PlyCount "67"]
[EventDate "2025.08.02"]
[EventType "swiss"]
[EventRounds "9"]
[EventCountry "GBR"]
[SourceTitle "BritBase"]
[Source "John Saunders"]
[SourceDate "2025.08.11"]
[SourceVersion "1"]
[SourceVersionDate "2025.08.11"]
[SourceQuality "1"]

1. d4 d5 2. Nf3 Nf6 3. c4 c6 4. e3 Bf5 5. Nc3 e6 6. Nh4 Be4 7. f3 Bg6 8. Qb3 Qb6 9. Nxg6 hxg6 10. Bd2 Nbd7 11. h3 Be7 12. Bd3 dxc4 13. Bxc4 Qxb3 14. Bxb3 O-O 15. Ke2 Rfd8 16. Rhd1 Rac8 17. Be1 a6 18. h4 Ne8 19. g4 Nd6 20. a4 c5 21. Bg3 cxd4 22. Rxd4 Nc5 23. Ba2 a5 24. Rad1 Ne8 25. g5 Na6 26. Rd7 Rxd7 27. Rxd7 Bb4 28. Ne4 b6 29. h5 gxh5 30. g6 Nf6 31. gxf7+ Kf8 32. Ra7 Nxe4 33. fxe4 Rc2+ 34. Kf3 1-0

[Event "GBR-ch 111th"]
[Site "Liverpool"]
[Date "2025.08.03"]
[Round "2.7"]
[White "Kalavannan, Koby"]
[Black "Royal, Shreyas"]
[Result "0-1"]
[WhiteElo "2323"]
[BlackElo "2495"]
[PlyCount "80"]
[EventDate "2025.08.02"]
[EventType "swiss"]
[EventRounds "9"]
[EventCountry "GBR"]
[SourceTitle "BritBase"]
[Source "John Saunders"]
[SourceDate "2025.08.11"]
[SourceVersion "1"]
[SourceVersionDate "2025.08.11"]
[SourceQuality "1"]

1. c4 e6 2. Nf3 d5 3. e3 Nf6 4. Nc3 Bd6 5. b3 O-O 6. Bb2 b6 7. Rc1 a6 8. cxd5 exd5 9. g3 Bb7 10. Bg2 Nbd7 11. O-O Rc8 12. Qe2 Re8 13. Rfd1 Qe7 14. d3 c5 15. Rd2 b5 16. Qd1 Nb6 17. Ne2 a5 18. Nh4 g6 19. Nc3 Bc6 20. e4 b4 21. Nxd5 Nfxd5 22. exd5 Bxd5 23. Qg4 h5 24. Qd1 Bxg2 25. Kxg2 Nd5 26. Nf3 Qd7 27. Rc4 Qb7 28. d4 Nb6 29. Rxc5 Nd5 30. Rxa5 h4 31. Kg1 h3 32. Qf1 Nf4 33. d5 Qd7 34. Nd4 Be5 35. Ra4 Bxd4 36. Bxd4 Ne2+ 37. Rxe2 Rxe2 38. Ra5 Qf5 39. Rc5 Rxc5 40. Bxc5 Rb2 0-1

[Event "GBR-ch 111th"]
[Site "Liverpool"]
[Date "2025.08.03"]
[Round "2.8"]
[White "Clarke, Brandon Gi"]
[Black "Fava, Lorenzo"]
[Result "0-1"]
[WhiteElo "2491"]
[BlackElo "2318"]
[PlyCount "140"]
[EventDate "2025.08.02"]
[EventType "swiss"]
[EventRounds "9"]
[EventCountry "GBR"]
[SourceTitle "BritBase"]
[Source "John Saunders"]
[SourceDate "2025.08.11"]
[SourceVersion "1"]
[SourceVersionDate "2025.08.11"]
[SourceQuality "1"]

1. e4 e5 2. Nf3 Nc6 3. Bb5 a6 4. Ba4 Nf6 5. O-O b5 6. Bb3 Bc5 7. a4 Rb8 8. c3 d6 9. d4 Bb6 10. a5 Ba7 11. h3 Bb7 12. Be3 Nxe4 13. d5 Bxe3 14. dxc6 Nxf2 15. Qe2 Nxh3+ 16. Kh1 Nf2+ 17. Rxf2 Bxf2 18. cxb7 Ba7 19. Bd5 Qd7 20. Nd4 Qe7 21. Bc6+ Kf8 22. Nf3 d5 23. Qxe5 Qxe5 24. Nxe5 Ke7 25. Bxb5 axb5 26. a6 Kd6 27. Nxf7+ Kc6 28. Nxh8 Rxh8 29. Nd2 Rd8 30. Nf3 Kb6 31. b4 c6 32. Nd4 Re8 33. Nf5 Re6 34. g4 g6 35. Nd4 Re3 36. Rf1 Kxa6 37. Nxc6 Kxb7 38. Nxa7 Kxa7 39. Rf7+ Kb6 40. Rxh7 Rg3 41. Rd7 Kc6 42. Rd8 Rxg4 43. Rc8+ Kd6 44. Rc5 Rc4 45. Rxb5 Rxc3 46. Kg2 g5 47. Rb8 g4 48. b5 Rb3 49. b6 Rb4 50. Rg8 Kc5 51. Rc8+ Kxb6 52. Kg3 Rc4 53. Rd8 Kc5 54. Rc8+ Kd4 55. Rd8 Rc7 56. Kxg4 Rf7 57. Kg3 Kc4 58. Kg2 d4 59. Rc8+ Kd3 60. Rc6 Ke3 61. Re6+ Kd2 62. Rd6 d3 63. Rc6 Ke2 64. Re6+ Kd1 65. Rd6 d2 66. Rc6 Rf5 67. Rc8 Ke2 68. Re8+ Kd3 69. Rd8+ Ke3 70. Kg3 Rf1 0-1

[Event "GBR-ch 111th"]
[Site "Liverpool"]
[Date "2025.08.03"]
[Round "2.9"]
[White "Hunt, Harriet V"]
[Black "Gordon, Stephen J"]
[Result "1/2-1/2"]
[WhiteElo "2294"]
[BlackElo "2469"]
[PlyCount "40"]
[EventDate "2025.08.02"]
[EventType "swiss"]
[EventRounds "9"]
[EventCountry "GBR"]
[SourceTitle "BritBase"]
[Source "John Saunders"]
[SourceDate "2025.08.11"]
[SourceVersion "1"]
[SourceVersionDate "2025.08.11"]
[SourceQuality "1"]

1. e4 c5 2. Nf3 d6 3. Bb5+ Bd7 4. Bxd7+ Qxd7 5. c4 Nf6 6. Nc3 g6 7. d4 cxd4 8. Nxd4 Bg7 9. f3 O-O 10. Be3 Nc6 11. O-O e6 12. Qd2 Ne5 13. b3 d5 14. exd5 exd5 15. c5 Nc6 16. Rad1 Rfe8 17. Bf2 Bf8 18. Na4 Bg7 19. Nc3 Bf8 20. Na4 Bg7 1/2-1/2

[Event "GBR-ch 111th"]
[Site "Liverpool"]
[Date "2025.08.03"]
[Round "2.10"]
[White "Willow, Jonah B"]
[Black "Shearsby, Jude"]
[Result "1-0"]
[WhiteElo "2459"]
[BlackElo "2270"]
[PlyCount "87"]
[EventDate "2025.08.02"]
[EventType "swiss"]
[EventRounds "9"]
[EventCountry "GBR"]
[SourceTitle "BritBase"]
[Source "John Saunders"]
[SourceDate "2025.08.11"]
[SourceVersion "1"]
[SourceVersionDate "2025.08.11"]
[SourceQuality "1"]

1. c4 Nf6 2. Nc3 g6 3. e4 d6 4. d4 Bg7 5. Be2 O-O 6. Be3 Nc6 7. d5 Ne5 8. f4 Neg4 9. Bd2 Nh6 10. Nf3 e6 11. dxe6 fxe6 12. O-O c6 13. Qb3 Qb6+ 14. Qxb6 axb6 15. e5 Nd7 16. Ne4 dxe5 17. Nxe5 Nf5 18. Bc3 c5 19. Bg4 Nxe5 20. fxe5 Bd7 21. Bxf5 gxf5 22. Nf6+ Bxf6 23. exf6 Kf7 24. Rf3 h5 25. Rd1 Bc6 26. Rg3 Rg8 27. Rg7+ Rxg7 28. fxg7 Rg8 29. Rd3 Rxg7 30. Bxg7 Kxg7 31. Rb3 Kf6 32. Rxb6 Ke5 33. Rb3 Kf4 34. Rh3 Kg5 35. Rg3+ Kf6 36. Rg8 e5 37. Rf8+ Ke6 38. Rh8 e4 39. Rxh5 Ke5 40. g4 e3 41. Rxf5+ Ke4 42. Kf1 Kd3 43. Ke1 Kxc4 44. g5 1-0

[Event "GBR-ch 111th"]
[Site "Liverpool"]
[Date "2025.08.03"]
[Round "2.11"]
[White "Davies, Nigel R"]
[Black "Harvey, Marcus R"]
[Result "1/2-1/2"]
[WhiteElo "2291"]
[BlackElo "2439"]
[PlyCount "102"]
[EventDate "2025.08.02"]
[EventType "swiss"]
[EventRounds "9"]
[EventCountry "GBR"]
[SourceTitle "BritBase"]
[Source "John Saunders"]
[SourceDate "2025.08.11"]
[SourceVersion "1"]
[SourceVersionDate "2025.08.11"]
[SourceQuality "1"]

1. d4 Nf6 2. Nf3 d5 3. c4 e6 4. Nc3 Bb4 5. e3 O-O 6. Bd2 Re8 7. a3 Bf8 8. Be2 Nbd7 9. O-O a6 10. b4 c6 11. Qc2 e5 12. dxe5 Nxe5 13. cxd5 Nxd5 14. Rfd1 Nxf3+ 15. Bxf3 Nf6 16. Na4 Ng4 17. Bc3 Qc7 18. g3 Ne5 19. Be2 Bh3 20. Nc5 b6 21. Ne4 h6 22. Rac1 Kh8 23. Nd2 c5 24. bxc5 Bxc5 25. Bb4 Qb7 26. Qe4 Nc6 27. Qf3 f5 28. Qh1 Rxe3 29. Bf3 Rxf3 30. Nxf3 Nxb4 31. axb4 Bxb4 32. Ne5 Qxh1+ 33. Kxh1 Bg4 34. Rd7 Bc5 35. Kg2 Bh5 36. Nd3 Bf8 37. Rb7 b5 38. Nf4 Be8 39. Ne6 Kg8 40. Rcc7 a5 41. Nxg7 b4 42. Nxe8 Rxe8 43. Ra7 Rb8 44. Rxa5 b3 45. Rc1 b2 46. Rb1 f4 47. gxf4 Bg7 48. Kf3 Rb6 49. Ke4 Rb7 50. h4 Kf7 51. h5 Rb4+ 1/2-1/2